• 首页
  • 本馆介绍
  • 公告通知
  • 最新文献
  • 馆藏检索
  • 电子资源
  • 读者导购
  • 参考咨询
  • 我的图书馆
  • 登录
  • 详细信息显示
  • 放入我的书架
  • 预约/预借图书
  • 作者相关作品
  • 分类相关作品
  • 丛书相关作品
  • 出版社相关作品

书目信息

  • 表格格式
  • 工作单格式
  • 卡片格式
题名:
五口通商以前我國國際貿易之概況
    
 
作者: 侯厚培 , 向达 著
分册:  
出版信息: 北京   文物出版社  2022.07
页数: 174页
开本: 24cm
丛书名: 海上絲綢之路基本文獻叢書
单 册:
中图分类: F752.949 , F512.9
科图分类:
主题词: 国际贸易--guo ji mao yi--贸易史--中国--清代 , 中外关系--zhong wai guan xi--交通运输史
电子资源:
ISBN: 978-7-5010-7631-4
000 01454nam 2200337 450
001 CAL 012022018601
005 20230217093113.0
010    @a978-7-5010-7631-4@b精装@dCNY90.00
100    @a20220920e2022 em y0chiy0120 ea
101 0  @achi
102    @aCN@b110000
105    @ay z 000yy
106    @ar
200 1  @a五口通商以前我國國際貿易之概況@Awu kou tong shang yi qian wo guo guo ji mao yi zhi gai kuang@f侯厚培著@c中外交通小史@Czhong wai jiao tong xiao shi@f向達著
205    @a影印本
210    @a北京@c文物出版社@d2022.07
215    @a174页@d24cm
225 2  @a海上絲綢之路基本文獻叢書@Ahai shang si chou zhi lu ji ben wen xian cong shu
330    @a本编注重史料的珍稀性, 从《海上丝绸之路历史文化丛书》中遴选出菁华, 拟出版百册单行本。本编所选之文献, 其编纂的年代下限至一九四九年。本编排序无严格定式, 所选之文献篇幅以二百余页为宜, 以便读者阅读使用。本编所选文献, 每种前皆注明版本、著者。本册内容包括: 五口通商以前我国国际贸易之概况、中外交通小史。
410  0 @12001 @a海上絲綢之路基本文獻叢書
423  0 @12001 @a中外交通小史@1701 0@a向达
518 1  @a五口通商以前我国国际贸易之概况
606 0  @a国际贸易@Aguo ji mao yi@x贸易史@y中国@z清代
606 0  @a中外关系@Azhong wai guan xi@x交通运输史
690    @aF752.949@v5
690    @aF512.9@v5
701  0 @a侯厚培@Ali yu tian@4著
701  0 @a向达@Axiang da@4著
730 1  @a向達@Axiang da@4著
801  0 @aCN@bBJXHZP@c20230228
905    @b1396666-9@dF752.949@e71@f4
    
    五口通商以前我國國際貿易之概況/侯厚培著.中外交通小史/向達著.-影印本.-北京:文物出版社,2022.07
    174页;24cm.-(海上絲綢之路基本文獻叢書)
    
    
    ISBN 978-7-5010-7631-4(精装):CNY90.00
    本编注重史料的珍稀性, 从《海上丝绸之路历史文化丛书》中遴选出菁华, 拟出版百册单行本。本编所选之文献, 其编纂的年代下限至一九四九年。本编排序无严格定式, 所选之文献篇幅以二百余页为宜, 以便读者阅读使用。本编所选文献, 每种前皆注明版本、著者。本册内容包括: 五口通商以前我国国际贸易之概况、中外交通小史。
●
相关链接 在E读中查询图书 在五车中查询图书 在当当中查询图书 在豆瓣中查询图书


正题名:五口通商以前我國國際貿易之概況     索取号:F752.949/71         预约/预借

序号 登录号 条形码 馆藏地/架位号 状态 备注
1 1396666   213966662   第一样本阅览室/ [索取号:F752.949/71] 在馆    
2 1396667   213966671   第一借阅区/ [索取号:F752.949/71] 在馆    
3 1396668   213966680   第一借阅区/ [索取号:F752.949/71] 在馆    
4 1396669   213966699   第一借阅区/ [索取号:F752.949/71] 在馆    
欢迎您!
大连网信软件有限公司© 版权所有